Actas / (Record no. 46772)

MARC details
000 -LEADER
campo de control de longitud fija 00668nam a2200193 i 4500
001 - NÚMERO DE CONTROL
campo de control 46772
003 - IDENTIFICADOR DE NÚMERO DE CONTROL
campo de control ES-MaACL
005 - FECHA Y HORA DE LA ÚLTIMA TRANSACCIÓN
campo de control 20250815062533.0
007 - CAMPO FIJO DE DESCRIPCIÓN FÍSICA--INFORMACIÓN GENERAL
campo de control de longitud fija t|
008 - DATOS DE LONGITUD FIJA--INFORMACIÓN GENERAL
campo de control de longitud fija 030401s1893 sp ||||1| spa d
111 2# - ENTRADA PRINCIPAL--NOMBRE DE CONGRESO/REUNIÓN
Nombre de congreso/reunión o jurisdicción como elemento de entrada Congreso Geográfico Hispano-Portugués-Americano (
Fecha del congreso o de la firma del tratado 1892.
Sede del congreso/Lugar de la reunión Madrid)
9 (RLIN) 376
245 10 - MENCIÓN DEL TÍTULO
Título Actas /
Mención de responsabilidad, etc. Congreso Geográfico Hispano-Portugués-Americano reunido en Madrid en el mes de octubre de 1892.
260 ## - PUBLICACIÓN, DISTRIBUCIÓN, ETC.
Lugar de publicación, distribución, etc. Madrid :
Nombre del editor, distribuidor, etc. [s.n.],
Fecha de publicación, distribución, etc. 1893.
300 ## - DESCRIPCIÓN FÍSICA
Extensión 2 v. ;
Dimensiones 25 cm.
500 ## - NOTA GENERAL
Nota general Precede al tít.: Cuarto Centenario del Descubrimiento de América.
650 07 - PUNTO DE ACCESO ADICIONAL DE MATERIA--TÉRMINO DE MATERIA
Término de materia o nombre geográfico como elemento de entrada Geografía
Fuente del encabezamiento o término embne
9 (RLIN) 13070
852 ## - LOCALIZACIÓN
Ubicación ES-MaACL
Número de control de estantería G-1152-3
Holdings
Estatus retirado Estado de pérdida Estado de daño No para préstamo Colección Biblioteca de origen Biblioteca actual Ubicación en estantería Fecha de adquisición Fuente de adquisición Total de préstamos Signatura topográfica completa Código de barras Visto por última vez Precio de reemplazo Tipo de ítem Koha
        Libros del s. XIX Biblioteca del Ateneo de Madrid Biblioteca del Ateneo de Madrid Depósito 2 17/01/2008     G-1152-3 1049194 23/02/2023 23/02/2023 Libro impreso antiguo